Mac Arthur / (Record no. 142150)

MARC details
000 -LEADER
campo de control de longitud fija 01079nam a22003131 4500
001 - NÚMERO DE CONTROL
campo de control 142150
003 - IDENTIFICADOR DE NÚMERO DE CONTROL
campo de control ES-MaACL
007 - CAMPO FIJO DE DESCRIPCIÓN FÍSICA--INFORMACIÓN GENERAL
campo de control de longitud fija t|
008 - DATOS DE LONGITUD FIJA--INFORMACIÓN GENERAL
campo de control de longitud fija 071003s1955 sp ||||0| spa d
016 7# - NÚMERO DE CONTROL DE UNA AGENCIA BIBLIOGRÁFICA NACIONAL
Número de control cancelado/no válido IND2000946570
040 ## - FUENTE DE CATALOGACIÓN
Centro catalogador/agencia de origen M-BN
Lengua de catalogación spa
Centro/agencia transcriptor CDM
080 ## - NÚMERO DE LA CLASIFICACIÓN DECIMAL UNIVERSAL
Número de la Clasificación Decimal Universal 92(Mac Arthur, Douglas)
080 ## - NÚMERO DE LA CLASIFICACIÓN DECIMAL UNIVERSAL
Número de la Clasificación Decimal Universal 355.483(265/266)"1939/45"
080 ## - NÚMERO DE LA CLASIFICACIÓN DECIMAL UNIVERSAL
Número de la Clasificación Decimal Universal 355.48(100)"1939/45"
100 1# - ENTRADA PRINCIPAL--NOMBRE DE PERSONA
Nombre de persona Willoughby, Charles Andrew.
9 (RLIN) 116996
245 10 - MENCIÓN DEL TÍTULO
Título Mac Arthur /
Mención de responsabilidad, etc. Mayor General Charles A. Willoughby y John Chamberlain ; [traducción directa del inglés por Luis Solano Costa].
250 ## - MENCION DE EDICION
Mención de edición 1ª ed.
260 ## - PUBLICACIÓN, DISTRIBUCIÓN, ETC.
Lugar de publicación, distribución, etc. Barcelona :
Nombre del editor, distribuidor, etc. A. H. R,
Fecha de publicación, distribución, etc. 1955.
300 ## - DESCRIPCIÓN FÍSICA
Extensión 542 p., 1 h., 8 h. de lám :
Otras características físicas mapas ;
Dimensiones 21 cm.
490 1# - MENCIÓN DE SERIE
Mención de serie Libros que hacen historia
600 14 - PUNTO DE ACCESO ADICIONAL DE MATERIA--NOMBRE DE PERSONA
Nombre de persona Mac Arthur, Douglas.
9 (RLIN) 74999
650 14 - PUNTO DE ACCESO ADICIONAL DE MATERIA--TÉRMINO DE MATERIA
Término de materia o nombre geográfico como elemento de entrada Guerra mundial, 1939-1945-
Subdivisión geográfica Pacífico.
9 (RLIN) 13249
700 1# - ENTRADA AGREGADA--NOMBRE PERSONAL
Nombre de persona Chamberlain, John.
9 (RLIN) 37853
700 1# - ENTRADA AGREGADA--NOMBRE PERSONAL
Nombre de persona Solano Costa, Luis.
9 (RLIN) 107084
830 00 - PUNTO DE ACCESO ADICIONAL DE SERIE-TÍTULO UNIFORME
Título uniforme Libros que hacen historia (AHR)
9 (RLIN) 182055
852 ## - LOCALIZACIÓN
Ubicación ES-MaACL
Número de control de estantería C-9610
Sublocalización o colección R.37694
Holdings
Estatus retirado Estado de pérdida Estado de daño No para préstamo Biblioteca de origen Biblioteca actual Ubicación en estantería Fecha de adquisición Fuente de adquisición Total de préstamos Signatura topográfica completa Código de barras Visto por última vez Precio de reemplazo Tipo de ítem Koha
        Biblioteca del Ateneo de Madrid Biblioteca del Ateneo de Madrid Sala Palomar 17/01/2008     C-9610 1147905 23/02/2023 23/02/2023 Libro impreso